| 000 | 00656cab a2200229 4500 | ||
|---|---|---|---|
| 001 | WB2930-71 | ||
| 008 | 090401t1993 xxu||||| |||| 00| 0 eng d | ||
| 035 | _a(Sirsi) u91869 | ||
| 041 | _aeng | ||
| 100 | _aFreer, P. | ||
| 245 | _aStamping its authority on contracts | ||
| 260 | _c1993 | ||
| 350 | _a0 | ||
| 490 |
_aCSW - The Property Week _v44(7/8) 12-19 August 1993, 37(1) |
||
| 520 | _aLooks at the law regarding stamp duty with particular reference to duty on the sale of existing contracts. | ||
| 650 | _aHM LAND REGISTRY | ||
| 650 | _aSTAMP ACT 1891 | ||
| 650 | _aSTAMP DUTY | ||
| 690 | _aTAXATION | ||
| 942 | _n0 | ||
| 948 | _c04/03/1997 | ||
| 999 |
_c58277 _d58277 |
||